Asterix - Compléter les noms 1 - Statistiques

Statistiques générales
  • Ce quiz a été pris 105 fois
  • Le résultat moyen est 5 sur 15
Statistiques - réponses
Nom partiel Complément % Correct
Pano***** ramix
96%
pneu***** matix
81%
****submarine iélo
76%
gou***** durix
74%
deboite********** mendumenix
33%
***line Pra
29%
***ranfix avo
26%
*********garnix choucrout
26%
Kes****** konrix
15%
Rézo***** wifix
14%
Uni**** prix
12%
******lédix changé
10%
Ouis*** kix
8%
Bou***** limix
6%
di**** orix
0%
Aucun quiz correspondant
Distribution des résultats
% des personnes avec chaque résultat
Percentile par nombre de réponses
Votre historique - résultats
Vous n’avez pas pris ce quiz